000 00828nam a22002057a 4500
003 NALT
005 20220726111832.0
008 s2546 th tha d
020 _a9749144244
040 _aNALT
041 _atha
050 _aDL 1015.4
_bศ721ค 2546
100 0 _aศุภลักษณ์ สนธิชัย
_958311
245 1 0 _aคู่มือนักเดินทางฉบับพกพา :
_bฟินแลนด์ /
_cศุภลักษณ์ สนธิชัย.
260 _aกรุงเทพฯ :
_bอทิตตา,
_c2546
300 _a137 หน้า :
_bภาพประกอบ ;
_c21 ซม.
650 0 4 _aฟินแลนด์ -- ภูมิประเทศและการท่องเที่ยว
850 _aNALT
942 _cGB
_2lcc
999 _c48056
_d48056
998 _j109
_k นางสาวอารีรัตน์ วิชาช่าง